000 01194cad a22002415a 4500
001 E147902
008 090630s2009 xxk f l s000 0 eng d
035 _a(Sirsi) u147902
041 0 _aeng
110 2 _aScotland
_kLaws, etc
245 0 4 _aThe Title Conditions (Scotland) Act 2003 (Development Management Scheme) Order 2009
_h[electronic resource]
260 _aEdinburgh
_bScottish Government
_c2009
490 0 _aScottish Statutory Instrument
_v2009: 729 (S.2)
520 _aThis Order relates to Development Management Schemes (DMSs), which are a new way for owners in a development to come together to manage their properties. The Order is made in consequence of the provisions of the Title Conditions (Scotland) Act 2003 S71 and comes into force on 1 June 2009.
521 _aAdvanced
590 _aKA
650 2 4 _aTITLE CONDITIONS (SCOTLAND) ACT 2003 S71
650 2 4 _aTITLE CONDITIONS (SCOTLAND) ACT 2003 (DEVELOPMENT MANAGEMENT SCHEME) ORDER 2009
651 4 _aScotland
_y1999-
690 _aPlanning and development
_96259
856 4 0 _uhttps://www.opsi.gov.uk/si/si2009/uksi_20090729_en_1
_zView the statutory instrument free of charge at www.opsi.gov.uk...
942 _n0
999 _c109774
_d109774